000
00271nam a2200097Ia 4500
008
240331s9999 xx 000 0 und d
082
_b
ENC
100
_a
Makaryk, I.R, . ed
245
0
_a
Encyclopedia of contemporary literary theory :
_b
approaches, scholars, terms
942
_c
L
999
_c
3245
_d
3245